|
|
|
|
| LEADER |
00000nam a2200000 a 4500 |
| 001 |
vtls001069245 |
| 003 |
SK-MaSNL |
| 005 |
20260301153024.0 |
| 008 |
240226s1992 xo slo |
| 015 |
|
|
|a SNBA1992/10
|
| 020 |
|
|
|a 8022704822
|
| 035 |
|
|
|a SNK000012075
|
| 035 |
|
|
|a urn:nbn:sk:snk-amlmq0
|
| 035 |
|
|
|a urn:nbn:sk:snk-am00bx9t
|
| 035 |
|
|
|a 4F970994-DE02-490D-A30B-B684495D4C18
|
| 040 |
|
|
|a SNK
|b slo
|c SNK
|e AACR2
|
| 041 |
0 |
|
|a slo
|
| 044 |
|
|
|a xo
|c SK
|
| 080 |
|
|
|a 627.82:693.5(075.8)
|2 1981
|
| 080 |
|
|
|a 693.5(075.8)
|2 1981
|
| 080 |
|
|
|a 693.5
|2 1981
|
| 080 |
|
|
|a 627.82(075.8)
|2 1981
|
| 100 |
1 |
|
|a Lukáč, Michal,
|d 1938-2012
|4 aut
|9 213106
|
| 245 |
1 |
0 |
|a Navrhovanie a výpočty betónových priehrad
|c Michal Lukáč, Emília Bednárová
|
| 250 |
|
|
|a 1. vyd.
|
| 260 |
|
|
|a Bratislava
|b Slovenská technická univerzita
|c 1992
|e Bratislava
|f Edičné stredisko STU
|
| 300 |
|
|
|a 139 s.
|b sch., tab.
|c 29 cm
|
| 366 |
|
|
|e 200 výtl.
|
| 500 |
|
|
|a Lit. 15. Schválil rektor STU v Bratislava ako skriptá. Rozmn. 15 zázn. v slov. a čes.
|
| 650 |
0 |
7 |
|a priehrady
|2 SNKPH
|9 21151
|
| 650 |
0 |
7 |
|a betónové konštrukcie
|2 SNKPH
|9 1686
|
| 655 |
|
7 |
|a učebnice vysokých škôl
|2 SNKPH
|9 70191
|
| 700 |
1 |
|
|a Bednárová, Emília,
|d 1950-
|4 aut
|9 212041
|
| 919 |
|
|
|a 80-227-0482-2
|
| 958 |
0 |
7 |
|a RM
|
| 958 |
0 |
7 |
|a NB
|
| 958 |
0 |
7 |
|a UV
|
| 999 |
|
|
|c 791113
|d 793043
|
| 952 |
|
|
|t P60, <04>, [BOOK], {604}
|a SNK
|b SNK
|y VYP
|7 0
|p 17A0146493
|o snkSB 49948 D1
|0 0
|1 0
|4 0
|d 1998-07-03
|l 0
|r 2004-12-31 00:00:00
|w 2026-02-24
|
| 952 |
|
|
|a SNK
|b SNK
|y PREZ
|7 0
|p 17A0804562
|o snkSB 49948
|0 0
|1 0
|4 0
|d 2012-07-16
|f 1
|l 0
|r 2025-03-05 00:00:00
|w 2026-02-24
|